000 01556cam a2200301 4500
001 ##L131816
002 ##9091
008 051209n2005 000 0 eng u
020 _a1859461778
035 _a(Sirsi) u131816
041 0 _aeng
050 0 4 _a725.54 $2 18
110 2 _aCentre for Accessible Environments
245 0 0 _aAccess audit handbook
_h[multimedia]
260 _aLondon
_bRIBA Publishing
_c2005
300 _a130p.
_bill
_c30cm.
_e+ 1 DVD
350 _a35
520 _aMultimedia planning tool for auditing the accessibility of buildings and services, and for writing reports in appropriate formats in the context of the Diability Discrimination Act 1995, funding requirements and best practice in building management. Advises on undertaking access audits and the various report formats to best communicate recommendations. Supported by a range of case studies and a worked example of a successful report based on a real life access audit. Includes auditing checklists and a DVD with editable electronic versions of the checklists and the film- Access audits: a planning tool for businesses. Includes details of useful organisations and publications.
590 _aIKA030106
650 _aDISABILITY DISCRIMINATION ACT 1995
690 _aMANAGEMENT-BUSINESS MANAGEMENT-DISCRIMINATION-DISABILITY DISCRIMINATION-ACCESSIBILITY-ACCESS AUDITS
700 1 _aGrant, Alison
700 1 _aHighman, Paul
700 1 _aTowers, Brian
700 1 _aWood, Gill
710 2 _aRoyal Institute of British Architects
_92527
942 _n0
999 _c104851
_d104851